000 00697nam a2200217Ia 4500
003 OSt
005 20251118142837.0
008 210210b1999 xxu||||| |||| 00| 0 eng d
040 _cAL
041 _aKannada
082 _aK894.9 MURS
100 _aMURRy (J Middleton)
_dಮರ್ರಿ (ಜೆ ಮಿಡ್ ಲ್ಟನ್ )
_9246213
245 _aShaili
_b ಶೈಲಿ
260 _aMaisuru
_b-
_c1999
300 _axi,127
650 _aKannada translation of J Middleton Murry's "The Problem of style" (1922)
_9246214
690 _aKannada Criticism
_9246215
700 _aNORONA (Edvard)
_dನೊರೊನಾ (ಎಡ್ವರ್ಡ್) .
_9246216
906 _a064445
942 _2ddc
_cBK
999 _c140599
_d140599